000 00297nam a22001337a 4500
003 OSt
005 20211228161616.0
008 211228b |||||||| |||| 00| 0 eng d
040 _cHU
082 _a005.4469
100 _aWIN
_925830
245 _aUnleash The of Windows 95!
942 _2ddc
_cBOOKS
_n0
999 _c24735
_d24735